Statistics for Languages Most Similar to Norwegian

Click here to take the quiz!

General Stats

  • This quiz has been taken 190 times
  • The average score is 7 of 10

Answer Stats

IndexLanguage% Correct
13,0Swedish
99%
23,1Danish
98%
29,5English
94%
25,6German
94%
15,6Icelandic
88%
28,5Dutch
86%
44,9Italian
45%
28,8Afrikaans
35%
27,4Luxembourgish
35%
42,6Latin
21%

Score Distribution

Percentile by Number Answered

Percent of People with Each Score

Your Score History

You have not taken this quiz